000 00363nam a2200169Ia 4500
100 _aChase/Richard B
650 _aSupply Chain Management
250 _a15
942 _cBK
366 _f20
245 _aOperations and supply chain management
260 _bMcGraw Hill
_c2018
082 _a658.5
_bCHA
300 _a793
546 _aENGLISH
999 _c22602
_d22602